Tablice Rejestracyjne Województwa Podlaskiego - Statystyki

Ogólne statystyki
  • Ten quiz został rozwiązany 130 razy
  • Średni wynik to 17 z 17
Statystyki odpowiedzi
Powiat Tablica Rejestracyjna % Poprawnych
Białystok BI
100%
grajewski BGR
99%
białostocki BIA
99%
Łomża BL
99%
hajnowski BHA
98%
Suwałki BS
98%
sokólski BSK
98%
zambrowski BZA
98%
augustowski BAU
97%
moniecki BMN
97%
siemiatycki BSI
97%
wysokomazowiecki BWM
97%
kolneński BKL
96%
sejneński BSE
96%
suwalski BSU
96%
łomżyński BLM
94%
bielski BBI
90%
Nie znaleziono quizów pasujących do podanych kryteriów
Rozkład punktacji
Procent ludzi z każdym wynikiem
Percentyl według liczby udzielonych odpowiedzi
Twoja historia wyników
Nie rozwiązałeś tego quizu